Proposed Amendment on the Reform of the IMF Executive Board and Fourteenth General Review of Quotas : Status of Acceptances and Consents.

This status report reviews progress toward implementation of the 2010 Governance and Quota Reforms. It updates the status of consents to the proposed quota increases under the 14th General Review of Quotas and of acceptances of the Proposed Seventh Amendment on the Reform of the Executive Board (�...

وصف كامل

التفاصيل البيبلوغرافية
مؤلف مشترك: International Monetary Fund
التنسيق: دورية
اللغة:English
منشور في: Washington, D.C. : International Monetary Fund, 2012.
سلاسل:Policy Papers; Policy Paper ; No. 2012/081
الموضوعات:
الوصول للمادة أونلاين:Full text available on IMF
LEADER 01738cas a2200313 a 4500
001 AALejournalIMF020132
008 230101c9999 xx r poo 0 0eng d
020 |c 5.00 USD 
020 |z 9781498339629 
022 |a 2663-3493 
040 |a BD-DhAAL  |c BD-DhAAL 
110 2 |a International Monetary Fund. 
245 1 0 |a Proposed Amendment on the Reform of the IMF Executive Board and Fourteenth General Review of Quotas :   |b Status of Acceptances and Consents. 
264 1 |a Washington, D.C. :  |b International Monetary Fund,  |c 2012. 
300 |a 1 online resource (5 pages) 
490 1 |a Policy Papers 
500 |a <strong>Off-Campus Access:</strong> No User ID or Password Required 
500 |a <strong>On-Campus Access:</strong> No User ID or Password Required 
506 |a Electronic access restricted to authorized BRAC University faculty, staff and students 
520 3 |a This status report reviews progress toward implementation of the 2010 Governance and Quota Reforms. It updates the status of consents to the proposed quota increases under the 14th General Review of Quotas and of acceptances of the Proposed Seventh Amendment on the Reform of the Executive Board ('Board Reform Amendment' or 'Seventh Amendment') as set out in the Board of Governors Resolution No. 66-2. 
538 |a Mode of access: Internet 
650 7 |a PP  |2 imf 
650 7 |a Quota Increase  |2 imf 
650 7 |a Quota Reform  |2 imf 
650 7 |a Reform Of The Executive Board  |2 imf 
650 7 |a Report Reviews Progress  |2 imf 
651 7 |a Central African Republic  |2 imf 
830 0 |a Policy Papers; Policy Paper ;  |v No. 2012/081 
856 4 0 |z Full text available on IMF  |u http://elibrary.imf.org/view/journals/007/2012/081/007.2012.issue-081-en.xml  |z IMF e-Library